1399 1298 1695 1192 1665 1739 1270 1559 1642 1149 1975 1748 1891 1739 1694 1807 1900 1700 1216 1307 1799 1059 1301 1069 1682 1803 1821 1572 1566 1312 1264 1353 1223 1759 1946 1320 1112 1813 1998 1355 1099 1335 1709 1631 1217 1535 1061 1647 1941 1724 1471 1630 1424 1996 1324 1101 1508 1344 1343 1491 1919 1043 1913 1265 1094 1739 1033 1148 1811 1879 1494 1558 1416 1218 1878 1319 1735 1777 1052 1500 1029 1713 1608 1520 1003 1553 1378 1499 1013 1553 1426 1688 1235 1807 1505 1435 1547 1598 1008 BCNSPRNW ULIB Ver.6.0+V

เปลี่ยนเป็นภาษาไทย

Change to English
 แสดงรายละเอียดบรรณานุกรม
  กลับหน้าหลัก

Brief Record : Get Marc (ISO 2709) : E-mail record : QR code < ปิดหน้าต่าง
LEADER : 00000nam 2200000uu 4500
001    13399109062
003     ULIB
008    110321s2553||||th 000 0 tha d
020    9749437586
020    9789749437582
041    tha^heng
050  4 HD69^bอ581ก 2553
100 1  อัสติน, โรเบิร์ต ดี.
245 10 การบริหารโครงการ =^bManaging projects large and small /^cRobert D. Austin ; คมสัน ขจรชีพพันธุ์งาม, แปลและเรียบเรียง
246 31 Managing projects large and small
250    พิมพ์ครั้งที่ 5
260    กรุงเทพฯ :^bเอ็กซเปอร์เน็ท,^c2553
300    254 หน้า :^bภาพประกอบ ;^c24 ซม.
440  0 Harvard business essentials series
440  4 หนังสือชุด "หัวใจในการบริหารธุรกิจ"ของมหาวิทยาลัยฮาร์วาร์ด
650  7 การบริหารโครงการ
700 0  คมสัน ขจรชีพพันธุ์งาม,^eผู้แปล
700 1  Austin, Robert D.
945    ^p270^l0^i029840
945    ^p270^l0^i029839
995    เกษร
999 ^a ใช้งานได้ทุกระบบ
รายการนี้ยังไม่มีแท็ก
คุณยังไม่ได้ล็อกอิน คุณสามารถมีกิจกรรมร่วมกับเว็บไซต์ได้ แต่ต้องล็อกอินก่อน ::
  ล็อกอิน

รายการสื่อสารสนเทศ

ลำดับที่ ประเภท เลขเรียก/บาร์โค้ด สถานที่ สถานะ
1. การศึกษาทั่วไป
การศึกษาทั่วไป
HD69 อ581ก 2553 ฉ.2 
  Barcode: 029840
ห้องสมุดวิทยาเขตนครสวรรค์
►หนังสือทั่วไป:l:General Books
บนชั้น
2. การศึกษาทั่วไป
การศึกษาทั่วไป
HD69 อ581ก 2553 ฉ.3 
  Barcode: 029839
ห้องสมุดวิทยาเขตนครสวรรค์
►หนังสือทั่วไป:l:General Books
บนชั้น

รายการใกล้เคียง
    ผู้แต่ง [อัสติน, โรเบิร์ต ดี.]

    หัวเรื่อง [การบริหารโครงการ]

BibComment


ยังไม่เคยถูกคอมเมนท์

คอมเมนท์ทรัพยากรรายการนี้
  คอมเมนท์: การบริหารโครงการ ..


 Copyright 2026. Bcnsprnw @Library